000 00890nam a2200265 i 4500
001 66656
003 ES-MaACL
005 20251207111545.0
007 t|
008 030606s2002 sp ||||0| spa d
020 _a84-7522-916-6
040 _aM-BN
_bspa
_cM-BN
080 _a821.134.2-14"19"
100 1 _aCaballero Bonald, José Manuel,
_d1926-2021
_9226628
245 1 0 _aAntología personal /
_cJosé Manuel Caballero Bonald.
260 _aMadrid :
_bVisor Libros,
_c[2002]
300 _a73 p. ;
_c20 cm +
_e1 CD (poemas leídos por él mismo)
490 1 _aColección Visor de poesía ;
_v507
600 1 0 _aCaballero Bonald, José Manuel,
_d1926-2021
_9226628
830 0 _aColección Visor de poesía
_v507
_9177331
852 _aES-MaACL
_jL-27178
_bR.132832
_z. - Libro
852 _aES-MaACL
_jROT 2/1/12
_z. - CD-ROM
942 _2udc
999 _c66656
_d66656